Welcome to Marium Abdulla Library

Embrace knowledge with a breath of fresh air.

Browse Collection

Marium Abdulla Library

Sufism: (Record no. 9254)

MARC details
000 -LEADER
fixed length control field 00362nam a2200169Ia 4500
001 - CONTROL NUMBER
control field 9745
005 - DATE AND TIME OF LATEST TRANSACTION
control field 20250626030248.0
008 - FIXED-LENGTH DATA ELEMENTS--GENERAL INFORMATION
fixed length control field 211022s9999 xx 000 0 und d
082 ## - DEWEY DECIMAL CLASSIFICATION NUMBER
Classification number 297.4 NUR
100 ## - MAIN ENTRY--PERSONAL NAME
Personal name Nurbakhsh, Javad
245 #0 - TITLE STATEMENT
Title Sufism:
260 ## - PUBLICATION, DISTRIBUTION, ETC.
Place of publication, distribution, etc. New York
260 ## - PUBLICATION, DISTRIBUTION, ETC.
Name of publisher, distributor, etc. Khaniqahi-Nimatullahi Pub
260 ## - PUBLICATION, DISTRIBUTION, ETC.
Date of publication, distribution, etc. 1981
300 ## - PHYSICAL DESCRIPTION
Extent 111
942 ## - ADDED ENTRY ELEMENTS (KOHA)
Koha item type Book
Holdings
Date last seen Total checkouts Full call number Barcode Price effective from Koha item type Lost status Damaged status Not for loan Collection Withdrawn status Home library Current library Shelving location Date acquired Source of acquisition Cost, normal purchase price
10/26/2021   297.4 NUR 9745 10/26/2021 Book       Liberal Arts   Marium Abdulla Library Marium Abdulla Library Non-Ref 09/14/2010 Tazeen Hussain 2500.00